000 00841nam a2200205Ia 4500
999 _c3513
_d3513
003 OSt
005 20200511160219.0
008 191128t2010 ck a br 000 j spa d
020 _a9789584530028
040 _aCO-JMCR
_cCO-JMCR
041 0 _aspa
082 0 4 _aC /
_bPAIe
100 _aPaillié, María Natalia,
_etraductora
_94206
245 1 0 _aEnreadados /
_ctraducción de María Natalia Paillié
260 _aBogotá :
_bNorma,
_c ©2010
300 _a[24] páginas sin enumerar ;
_bilustraciones a color :
_c24 cm.
520 _aLa vida de Rapunzel trascurre en lo alto de una torre acompañada de su mejor amigo, Pascal. Pero todo esto cambiará cuando aparezca Flynn, un extraño que le mostrará todas las maravillas del mundo exterior. ¡Acompañalos a vivir un día deslumbrante!
650 _acuentos
_94207
942 _2ddc
_cBK